LEADER 04148nam0 2200601 i 450 001 VIA0080123 005 20251003044440.0 010 $a8815073388 010 $a9788815073389 020 $aIT$b2000-12611 100 $a20000127d1999 ||||0itac50 ba 101 | $aita 102 $ait 181 1$6z01$ai $bxxxe 182 1$6z01$an 183 1$6z01$anc$2RDAcarrier 200 1 $aDalla rivoluzione industriale all'integrazione europea$ebreve storia economica dell'Europa contemporanea$fVera Zamagni 210 $aBologna$cIl mulino$d©1999 215 $a251 p.$cill.$d21 cm. 225 | $aUniversale paperbacks Il mulino$v367 330 $aIn questo rapido profilo, Vera Zamagni illustra nei suoi snodi essenziali l'evoluzione economica europea dal Settecento a oggi. L'autrice esamina i modelli concettuali dello sviluppo e ne coglie le componenti tecnologiche, istituzionali e sociali. << così ripercorso il consolidarsi nell'Ottocento delle economie francese e tedesca, asburgica, russa, italiana e spagnola, mentre viene sottolineata l'ascesa dei principali concorrenti dell'Europa, cioè Stati Uniti e Giappone. La prima affermazione dell'economia internazionale, la Grande guerra, la nascita dell'Urss, le crisi degli anni venti e trenta, la ricostruzione postbellica degli anni cinquanta e la nascita di uno spazio economico propriamente europeo sono la cornice entro la quale il volume inserisce una lettura storica dei problemi micro- e macro-economici, mostrando l'interazione delle diverse componenti finanziarie, politiche e industriali. 410 0$1001CFI0000033$12001 $aUniversale paperbacks Il mulino$v367 606 $aEuropa$xEconomia$xSec. 19.-20.$2FIR$3CFIC111028$9I 676 $a320.94$9SITUAZIONI E CONDIZIONI POLITICHE. Europa$v21 676 $a330.09$9$v21 676 $a330.94$9SITUAZIONI E CONDIZIONI ECONOMICHE. EUROPA$v12 676 $a330.94$9Economia. Europa$v20 676 $a330.94$9SITUAZIONI E CONDIZIONI ECONOMICHE. EUROPA EUROPA OCCIDENTALE$v21 676 $a330.94$9Economia. Situazioni e condizioni economiche. Europa$v22 676 $a330.94028$9SITUAZIONI E CONDIZIONI ECONOMICHE. EUROPA. EUROPA OCCIDENTALE. 19. SECOLO, 1815-1914$v19 686 $aHC 240$c$2C 686 $aSe.i.0$cStoria dell'economia italiana. Opere generali$2F 686 $aX30.0$cSTORIA ECONOMICO-SOCIALE$2R 696 $aEconomia reale$aAttività economiche$aAspetti economici 699 $aEconomia$yEconomia reale 699 $aEconomia$zAttività economiche 699 $aEconomia$zAspetti economici 700 1$aZamagni$b, Vera$3CFIV080053$4070$0249952 790 1$aNegri Zamagni$b, Vera$3CFIV080054$zZamagni, Vera 790 1$aNegri$b, Vera$3UBOV085660$zZamagni, Vera 790 1$aNegri Zamagni$b, Vera$3CFIV080054$zZamagni, Vera 790 1$aNegri$b, Vera$3UBOV085660$zZamagni, Vera 801 3$aIT$bIT-000000$c20000127 850 $aIT-BN0095 $aIT-SA0112 $aIT-AV0007 $aIT-NA0079 901 $bNAP BN$cMAGAZZINO $nmagazzini correnti divisi per anni 901 $bNAP 84$cBIBLIOTECA$n$ 901 $bNAP AV$cSEZ. M $nSezione Moderna 901 $bNAP 01$cPOZZO LIB.$nVi sono collocati fondi di economia, periodici di ingegneria e scienze, periodici di economia e statistica e altri fondi comprendenti documenti di economia pervenuti in dono. 912 $aVIA0080123 950 0$aBiblioteca Centralizzata di Ateneo$c1 v. in tre copie$d 01POZZO LIB.ECON MON 8013$e 01AR 0700308405E VMA 1 v. (Precedente collocazione: (AR) 30 EC 840)$fB $h20140801$i20140801$c1 v. in tre copie$d 01POZZO LIB.ECON MON 8013$e 01AR 0700312785E VMA (bis 1 v. (2. copia. - Precedente collocazione: EC (AR) 31 278)$fB $h20140916$i20140916$c1 v. in tre copie$d 01POZZO LIB.ECON MON 8013$e 01AR 0700312795E VMA (ter 1 v. (3. copia. - Precedente collocazione: EC (AR) 31 279)$fB $h20140916$i20140916 977 $a 01$a 84$a AV$a BN 996 $aDalla rivoluzione industriale all'integrazione europea$970022 997 $aUNISANNIO LEADER 01696nas 2200517 c 450 001 9910893257703321 005 20260218110921.0 035 $a(CKB)5280000000193759 035 $a(OCoLC)992923490 035 $a(OCoLC)772906750 035 $a(DE-101)1017884951 035 $a(DE-599)ZDB2641506-9 035 $a(DE-599)2641506-9 035 $a(DE-599)2889142-9 035 $a(EXLCZ)995280000000193759 100 $a20111208b20102016 |y | 101 0 $ager 135 $aur||||||||||| 181 $ctxt$2rdacontent 182 $cc$2rdamedia 183 $acr$2rdacarrier 200 10$aBarmer-GEK-Arztreport ..$eAuswertungen zu Daten bis ..$fBarmer GEK 210 31$aSiegburg$cAsgard-Verl.-Service$d2010-2016 210 21$aSt. Augustin$cAsgard-Verl.$d2010-2012 215 $aOnline-Ressource 300 $aGesehen am 27.01.2017 311 08$a2512-6776 517 3 $aBarmer GEK Arztreport 517 1 $aBarmer Arztreport 517 1 $aArztreport 606 $aAmbulante Behandlung$3(DE-588)4142176-0$3https://d-nb.info/gnd/4142176-0$3(DE-101)041421760$2gnd 606 $aDatenanalyse$3(DE-588)4123037-1$3https://d-nb.info/gnd/4123037-1$3(DE-101)04123037X$2gnd 606 $aGesundheitsberichterstattung$3(DE-588)4214090-0$3https://d-nb.info/gnd/4214090-0$3(DE-101)042140900$2gnd 608 $aZeitschrift$2gnd-content 608 $aZeitschrift$2gnd 615 7$aAmbulante Behandlung. 615 7$aDatenanalyse. 615 7$aGesundheitsberichterstattung. 676 $a362.1205 801 0$b0046 801 1$bDE-101 801 2$b9999 906 $aJOURNAL 912 $a9910893257703321 996 $aBarmer-GEK-Arztreport .$94266087 997 $aUNINA